[Event "Titled Tuesday intern op 16th Apr Early"]
[Site "Chess.com INT"]
[Date "2024.04.16"]
[Round "6"]
[White "Bharath, Subramaniyam H"]
[Black "De Silva, LMST"]
[Result "0-1"]
[WhiteElo "2544"]
[BlackElo "2362"]
[PlyCount "90"]
[EventDate "2024.04.16"]
[EventType "swiss (blitz)"]
[EventRounds "11"]
[EventCountry "USA"]
[SourceTitle "CB17_2024"]
[SourceDate "2024.04.24"]
[SourceVersion "1"]
[SourceVersionDate "2024.04.24"]
[SourceQuality "1"]

1. e4 e5 2. Nf3 Nc6 3. d4 exd4 4. Nxd4 Qf6 5. Nf3 Qg6 6. Nc3 Bb4 7. Bd2 Nge7 8. Bd3 d6 9. Nb5 Bxd2+ 10. Qxd2 Qxg2 11. 0-0-0 Bg4 12. Nxc7+ Kd7 13. Bf1 Qxf3 14. Qxd6+ Kc8 15. Be2 Rd8 16. Nxa8 Rxd6 17. Bxf3 Bxf3 18. Rxd6 Bxh1 19. e5 Kb8 20. b4 Kxa8 21. b5 Nb8 22. c4 b6 23. Rd8 Ng6 24. f4 Nxf4 25. Rf8 Nd3+ 26. Kd2 Nxe5 27. Kc3 Kb7 28. Rh8 h5 29. Rg8 g6 30. Kd4 Nbd7 31. a4 h4 32. Rh8 g5 33. a5 f6 34. a6+ Kc7 35. Rh7 g4 36. Ke3 g3 37. hxg3 hxg3 38. Rxh1 Nxc4+ 39. Kf4 Nd6 40. Rc1+ Nc5 41. Rb1 g2 42. Kf3 f5 43. Kxg2 Nde4 44. Kf3 Nd2+ 45. Kf4 Nxb1 0-1

[Event "Titled Tuesday intern op 16th Apr Early"]
[Site "Chess.com INT"]
[Date "2024.04.16"]
[Round "9"]
[White "Bharath, Subramaniyam H"]
[Black "Martinez Alcantara, Jose Eduardo"]
[Result "0-1"]
[WhiteElo "2544"]
[BlackElo "2603"]
[PlyCount "52"]
[EventDate "2024.04.16"]
[EventType "swiss (blitz)"]
[EventRounds "11"]
[EventCountry "USA"]
[SourceTitle "CB17_2024"]
[SourceDate "2024.04.24"]
[SourceVersion "1"]
[SourceVersionDate "2024.04.24"]
[SourceQuality "1"]

1. e4 c5 2. Nf3 d6 3. d4 cxd4 4. Nxd4 a6 5. Nc3 e6 6. Be3 b5 7. a4 b4 8. Na2 Nf6 9. Bd3 Bb7 10. f3 e5 11. Nb3 Nc6 12. 0-0 Be7 13. Qd2 d5 14. Nd4 Nxd4 15. Bxd4 dxe4 16. Bxe5 exd3 17. cxd3 0-0 18. d4 a5 19. Nc1 Nd7 20. Bg3 Bg5 21. Qf2 Re8 22. f4 Bf6 23. Nd3 Ba6 24. Rfd1 Bxd3 25. Rxd3 Nc5 26. Rdd1 Nb3 0-1

[Event "Titled Tuesday intern op 16th Apr Early"]
[Site "Chess.com INT"]
[Date "2024.04.16"]
[Round "1"]
[White "Bharath, Subramaniyam H"]
[Black "Saragih, Arif Rahman"]
[Result "1-0"]
[WhiteElo "2544"]
[BlackElo "2245"]
[PlyCount "51"]
[EventDate "2024.04.16"]
[EventType "swiss (blitz)"]
[EventRounds "11"]
[EventCountry "USA"]
[SourceTitle "CB17_2024"]
[SourceDate "2024.04.24"]
[SourceVersion "1"]
[SourceVersionDate "2024.04.24"]
[SourceQuality "1"]

1. Nf3 g6 2. d4 Bg7 3. e4 c5 4. d5 d6 5. h3 Nf6 6. Nc3 a6 7. a4 0-0 8. Be2 Nbd7 9. 0-0 e6 10. dxe6 fxe6 11. Qxd6 Qe8 12. Bg5 Rf7 13. Rad1 h6 14. Be3 Bf8 15. Qd2 Rh7 16. e5 Nh5 17. Ne4 Bg7 18. g4 b6 19. gxh5 gxh5 20. Kh2 Bb7 21. Qxd7 Bxe5+ 22. Nxe5 Rxd7 23. Nf6+ Kf8 24. Nexd7+ Qxd7 25. Rxd7 Bc6 26. Bxh6# 1-0

[Event "Titled Tuesday intern op 16th Apr Early"]
[Site "Chess.com INT"]
[Date "2024.04.16"]
[Round "8"]
[White "Korchmar, Vasiliy"]
[Black "Bharath, Subramaniyam H"]
[Result "0-1"]
[WhiteElo "2424"]
[BlackElo "2544"]
[PlyCount "84"]
[EventDate "2024.04.16"]
[EventType "swiss (blitz)"]
[EventRounds "11"]
[EventCountry "USA"]
[SourceTitle "CB17_2024"]
[SourceDate "2024.04.24"]
[SourceVersion "1"]
[SourceVersionDate "2024.04.24"]
[SourceQuality "1"]

1. e4 e6 2. d4 d5 3. e5 c5 4. c3 Nc6 5. Nf3 Bd7 6. Be2 Nge7 7. Na3 Nf5 8. Nc2 cxd4 9. cxd4 Rc8 10. 0-0 Be7 11. Bd3 0-0 12. Kh1 Qb6 13. g4 Nh4 14. Nxh4 Bxh4 15. g5 Ne7 16. Qg4 Bb5 17. Bxb5 Qxb5 18. Ne3 Ng6 19. Kg1 Qd3 20. Ng2 Qf5 21. Qxf5 exf5 22. Ne3 Bxg5 23. Nxf5 h6 24. Bxg5 hxg5 25. Rfc1 Rfd8 26. Nd6 Rxc1+ 27. Rxc1 Rd7 28. Kg2 Nf4+ 29. Kf3 f6 30. Rc8+ Kh7 31. Re8 Kg6 32. h4 fxe5 33. dxe5 d4 34. hxg5 d3 35. Ke3 Rc7 36. Ne4 d2 37. Nxd2 Nd5+ 38. Kd4 Nb4 39. Ne4 Rc2 40. f4 Rxb2 41. Re6+ Kf5 42. Rd6 Nc6+ 0-1

[Event "Titled Tuesday intern op 02nd Apr Early"]
[Site "Chess.com INT"]
[Date "2024.04.02"]
[Round "11"]
[White "Bharath, Subramaniyam H"]
[Black "Gao, Rui"]
[Result "1-0"]
[WhiteElo "2544"]
[BlackElo "2534"]
[PlyCount "75"]
[EventDate "2024.04.02"]
[EventType "swiss (blitz)"]
[EventRounds "11"]
[EventCountry "USA"]
[SourceTitle "CB15_2024"]
[SourceDate "2024.04.10"]
[SourceVersion "1"]
[SourceVersionDate "2024.04.10"]
[SourceQuality "1"]

1. b3 e5 2. Bb2 Nc6 3. c4 g6 4. e3 Bg7 5. Nf3 Nge7 6. d4 d6 7. dxe5 0-0 8. Nc3 dxe5 9. Be2 e4 10. Nd2 f5 11. 0-0 Be6 12. a3 Qd7 13. Qc2 Ne5 14. Rfd1 Qc6 15. b4 Rfd8 16. Nb5 Bf7 17. Nd4 Qe8 18. c5 Nd5 19. Rac1 c6 20. Nc4 Nxc4 21. Bxc4 Qe7 22. Ne2 Nf6 23. Rxd8+ Rxd8 24. Bd4 Bxc4 25. Qxc4+ Nd5 26. b5 Bf6 27. Bxf6 Qxf6 28. Nd4 Kg7 29. bxc6 bxc6 30. Qa6 f4 31. Qxc6 fxe3 32. fxe3 Nxe3 33. Ne6+ Kh6 34. Qxe4 Nxg2 35. Nxd8 Nf4 36. Rf1 Qg5+ 37. Kh1 Nh3 38. Nf7+ 1-0

[Event "Titled Tuesday intern op 02nd Apr Early"]
[Site "Chess.com INT"]
[Date "2024.04.02"]
[Round "6"]
[White "Bharath, Subramaniyam H"]
[Black "Gavrilov, Maxim"]
[Result "1-0"]
[WhiteElo "2544"]
[BlackElo "2150"]
[PlyCount "51"]
[EventDate "2024.04.02"]
[EventType "swiss (blitz)"]
[EventRounds "11"]
[EventCountry "USA"]
[SourceTitle "CB15_2024"]
[SourceDate "2024.04.10"]
[SourceVersion "1"]
[SourceVersionDate "2024.04.10"]
[SourceQuality "1"]

1. d4 d5 2. Nf3 Nf6 3. Bf4 c5 4. e3 Nc6 5. Nbd2 cxd4 6. exd4 Bf5 7. Bb5 e6 8. Ne5 Rc8 9. c4 Bd6 10. c5 Bxe5 11. Bxe5 0-0 12. Bxc6 Rxc6 13. 0-0 Nd7 14. Bd6 Re8 15. b4 e5 16. Nb3 Qg5 17. dxe5 Nxe5 18. Qxd5 Nd3 19. Nd4 g6 20. Nxc6 bxc6 21. Qxc6 Re2 22. Qa8+ Kg7 23. Bf8+ Kg8 24. Bh6+ Qd8 25. Qxd8+ Re8 26. Qxe8# 1-0

[Event "Titled Tuesday intern op 02nd Apr Early"]
[Site "Chess.com INT"]
[Date "2024.04.02"]
[Round "9"]
[White "Bharath, Subramaniyam H"]
[Black "Wadsworth, Matthew J"]
[Result "1-0"]
[WhiteElo "2544"]
[BlackElo "2469"]
[PlyCount "67"]
[EventDate "2024.04.02"]
[EventType "swiss (blitz)"]
[EventRounds "11"]
[EventCountry "USA"]
[SourceTitle "CB15_2024"]
[SourceDate "2024.04.10"]
[SourceVersion "1"]
[SourceVersionDate "2024.04.10"]
[SourceQuality "1"]

1. b3 d5 2. Bb2 c6 3. Nf3 Nf6 4. c4 Bg4 5. e3 e6 6. Be2 Nbd7 7. 0-0 a5 8. Nc3 Bd6 9. d4 Qe7 10. h3 Bh5 11. Nd2 Bxe2 12. Qxe2 0-0 13. e4 dxe4 14. Ndxe4 Nxe4 15. Nxe4 a4 16. Rfd1 axb3 17. axb3 f5 18. Nc3 Nf6 19. Re1 Kf7 20. Qd3 Bc7 21. d5 cxd5 22. cxd5 Rxa1 23. Bxa1 Qd6 24. dxe6+ Ke7 25. Qf3 Ne4 26. Nxe4 fxe4 27. Qxe4 Qh2+ 28. Kf1 Qg3 29. Qb4+ Bd6 30. Qxb7+ Bc7 31. Bd4 Rb8 32. Bc5+ Kf6 33. fxg3 Rxb7 34. e7 1-0

[Event "Titled Tuesday intern op 02nd Apr Early"]
[Site "Chess.com INT"]
[Date "2024.04.02"]
[Round "8"]
[White "Md, Bashiq Imrose"]
[Black "Bharath, Subramaniyam H"]
[Result "0-1"]
[WhiteElo "2140"]
[BlackElo "2544"]
[PlyCount "47"]
[EventDate "2024.04.02"]
[EventType "swiss (blitz)"]
[EventRounds "11"]
[EventCountry "USA"]
[SourceTitle "CB15_2024"]
[SourceDate "2024.04.10"]
[SourceVersion "1"]
[SourceVersionDate "2024.04.10"]
[SourceQuality "1"]

1. Nf3 b6 2. b3 Bb7 3. Bb2 Nf6 4. g3 g6 5. Bg2 Bg7 6. 0-0 0-0 7. c4 c5 8. d4 cxd4 9. Nxd4 Bxg2 10. Kxg2 Qc8 11. Nd2 Qb7+ 12. N2f3 d6 13. a4 Nbd7 14. b4 Rac8 15. Qb3 Ne4 16. Rfd1 Ne5 17. Rac1 Ng4 18. h3 Ngxf2 19. Rf1 Nd2 20. Qe3 Nxf1 21. Qxf2 Nd2 22. Qe3 Nxc4 23. Qb3 Nxb2 24. Qxb2 0-1

[Event "Prague op"]
[Site "Prague"]
[Date "2024.03.07"]
[Round "9"]
[White "Bharath, Subramaniyam H"]
[Black "Xiang, Zeyu"]
[Result "1/2-1/2"]
[WhiteElo "2515"]
[BlackElo "2407"]
[PlyCount "67"]
[EventDate "2024.02.28"]
[EventType "swiss"]
[EventRounds "9"]
[EventCountry "CZE"]
[SourceTitle "CB11_2024"]
[SourceDate "2024.03.13"]
[SourceVersion "1"]
[SourceVersionDate "2024.03.13"]
[SourceQuality "1"]

1. e4 e5 2. Nf3 Nc6 3. Nc3 Nf6 4. Bb5 Bb4 5. 0-0 0-0 6. Bxc6 bxc6 7. Nxe5 Re8 8. Nd3 Bxc3 9. dxc3 Nxe4 10. Re1 d6 11. f3 Nf6 12. Bg5 Rxe1+ 13. Qxe1 Bf5 14. Nb4 Qd7 15. Bxf6 gxf6 16. Qg3+ Bg6 17. h4 h5 18. Nd3 Re8 19. Re1 Rxe1+ 20. Qxe1 Kf8 21. Nf4 Qf5 22. Qd2 Kg7 23. Kh2 a5 24. a4 c5 25. c4 Qe5 26. Kg3 Qxb2 27. Qxa5 Qxc2 28. Qxc7 Qxa4 29. Ne6+ Kh6 30. Qd8 fxe6 31. Qh8+ Bh7 32. Qxf6+ Bg6 33. Qh8+ Bh7 34. Qf6+ 1/2-1/2

[Event "Prague op"]
[Site "Prague"]
[Date "2024.03.06"]
[Round "8"]
[White "Polak, Tomas"]
[Black "Bharath, Subramaniyam H"]
[Result "1/2-1/2"]
[WhiteElo "2506"]
[BlackElo "2515"]
[PlyCount "67"]
[EventDate "2024.02.28"]
[EventType "swiss"]
[EventRounds "9"]
[EventCountry "CZE"]
[SourceTitle "CB11_2024"]
[SourceDate "2024.03.13"]
[SourceVersion "1"]
[SourceVersionDate "2024.03.13"]
[SourceQuality "1"]

1. Nf3 c5 2. c4 Nf6 3. Nc3 Nc6 4. e3 e6 5. d4 d5 6. a3 a6 7. dxc5 Bxc5 8. b4 Bd6 9. Bb2 0-0 10. Rc1 dxc4 11. Bxc4 b5 12. Bd3 Ne5 13. Nxe5 Bxe5 14. f4 Bxc3+ 15. Bxc3 Bb7 16. 0-0 Rc8 17. Bb1 Qxd1 18. Rfxd1 Be4 19. Bxf6 Bxb1 20. Be7 Rxc1 21. Rxc1 Re8 22. Rxb1 Rxe7 23. Rc1 Kf8 24. Rc8+ Re8 25. Rc6 Ra8 26. Kf2 Ra7 27. Rb6 Ke7 28. g4 Kd7 29. Rb8 Kc6 30. Rh8 h6 31. Rg8 g6 32. Rc8+ Kd6 33. Rd8+ Kc6 34. Rc8+ 1/2-1/2

[Event "Cannes op 37th"]
[Site "Cannes"]
[Date "2024.02.24"]
[Round "8"]
[White "Nogerbek, Kazybek"]
[Black "Bharath, Subramaniyam H"]
[Result "1/2-1/2"]
[WhiteElo "2463"]
[BlackElo "2515"]
[PlyCount "34"]
[EventDate "2024.02.19"]
[EventType "swiss"]
[EventRounds "9"]
[EventCountry "FRA"]
[SourceTitle "CB09_2024"]
[SourceDate "2024.02.28"]
[SourceVersion "1"]
[SourceVersionDate "2024.02.28"]
[SourceQuality "1"]

1. d4 Nf6 2. c4 e6 3. Nf3 d5 4. Nc3 Bb4 5. Bg5 h6 6. Bxf6 Qxf6 7. e3 0-0 8. Rc1 dxc4 9. Bxc4 c5 10. 0-0 cxd4 11. Nxd4 Bd7 12. Qb3 Nc6 13. Nxc6 Bxc3 14. Rxc3 Bxc6 15. Bb5 Bd5 16. Bc4 Bc6 17. Bb5 Bd5 1/2-1/2

[Event "Cannes op 37th"]
[Site "Cannes"]
[Date "2024.02.23"]
[Round "7"]
[White "Bharath, Subramaniyam H"]
[Black "Can, Isik"]
[Result "1-0"]
[WhiteElo "2515"]
[BlackElo "2492"]
[PlyCount "149"]
[EventDate "2024.02.19"]
[EventType "swiss"]
[EventRounds "9"]
[EventCountry "FRA"]
[SourceTitle "CB09_2024"]
[SourceDate "2024.02.28"]
[SourceVersion "1"]
[SourceVersionDate "2024.02.28"]
[SourceQuality "1"]

1. e4 c5 2. Nf3 e6 3. d4 cxd4 4. Nxd4 Nc6 5. Nb5 d6 6. c4 a6 7. N5c3 Nf6 8. Be2 Be7 9. 0-0 0-0 10. Bf4 b6 11. Re1 Bb7 12. Nd2 Rc8 13. Rc1 Ne5 14. Bf1 Qc7 15. h3 Qb8 16. Qe2 Bd8 17. b4 Bc7 18. Bxe5 dxe5 19. Qe3 Nd7 20. Nb3 Rfd8 21. a3 h6 22. Red1 Nf6 23. c5 Rxd1 24. Rxd1 b5 25. Bd3 Bc6 26. Qe2 Rd8 27. Bc2 Rxd1+ 28. Qxd1 g6 29. Nc1 Kg7 30. N1a2 h5 31. h4 Qb7 32. Qe2 Nd7 33. Bd3 Nb8 34. Qd1 Be8 35. a4 bxa4 36. Bc2 a5 37. Bxa4 axb4 38. Bxe8 bxc3 39. Nxc3 Qb4 40. Qf3 f6 41. Qg3 g5 42. hxg5 Qxc5 43. gxf6+ Kxf6 44. Bxh5 Nd7 45. Qg6+ Ke7 46. Qf7+ Kd6 47. Bg4 Qxc3 48. Qxe6+ Kc5 49. Qxd7 Qc1+ 50. Bd1 Kb4 51. g3 Bb6 52. Qa4+ Kc5 53. Kg2 Qc4 54. Qa3+ Qb4 55. Qf3 Qd4 56. Bb3 Kb4 57. Bd5 Qc3 58. Qf6 Bd4 59. g4 Qc8 60. Qf3 Qc1 61. Qf8+ Ka5 62. Qf5 Qd2 63. g5 Kb4 64. g6 Qh6 65. Qg4 Qg7 66. Bf7 Kc3 67. Qh4 Kd3 68. f3 Bc5 69. Kg3 Bf8 70. Kg4 Ke2 71. Qh2+ Kd3 72. Kf5 Ke3 73. Qh7 Kxf3 74. Qxg7 Bxg7 75. Bd5 1-0

[Event "Cannes op 37th"]
[Site "Cannes"]
[Date "2024.02.21"]
[Round "4"]
[White "Garifullina, Leya"]
[Black "Bharath, Subramaniyam H"]
[Result "1/2-1/2"]
[WhiteElo "2422"]
[BlackElo "2515"]
[PlyCount "130"]
[EventDate "2024.02.19"]
[EventType "swiss"]
[EventRounds "9"]
[EventCountry "FRA"]
[SourceTitle "CB09_2024"]
[SourceDate "2024.02.28"]
[SourceVersion "1"]
[SourceVersionDate "2024.02.28"]
[SourceQuality "1"]

1. e4 e5 2. Nf3 Nc6 3. Bb5 Nge7 4. Nc3 Ng6 5. d4 Nxd4 6. Nxd4 exd4 7. Qxd4 c6 8. Be2 Qb6 9. Qd3 Be7 10. 0-0 0-0 11. a4 d6 12. a5 Qc7 13. f4 f5 14. Qc4+ Kh8 15. Nd5 Qd7 16. Nxe7 Qxe7 17. Bd3 fxe4 18. Qxe4 Bf5 19. Qxe7 Nxe7 20. Rd1 Rae8 21. Ra4 Bxd3 22. Rxd3 Nf5 23. Bd2 d5 24. b3 Re2 25. Kf1 Rfe8 26. c4 d4 27. c5 h5 28. a6 bxa6 29. Rxa6 Nh4 30. Rxa7 Rxg2 31. Be1 Rxh2 32. Bxh4 Rxh4 33. Rxd4 Re3 34. b4 Rf3+ 35. Kg2 Rfxf4 36. Rxf4 Rxf4 37. Rb7 Kh7 38. Rb6 g6 39. Rxc6 Rxb4 40. Rc8 Rb3 41. c6 Rc3 42. c7 g5 43. Kh2 h4 44. Kg2 g4 45. Kh2 Rc2+ 46. Kg1 Rc1+ 47. Kh2 Rc2+ 48. Kg1 g3 49. Rd8 Rxc7 50. Rd4 Rc1+ 51. Kg2 Rc2+ 52. Kg1 Rh2 53. Rd6 Kg7 54. Ra6 Kf7 55. Rh6 Ke7 56. Rg6 Kf8 57. Rf6+ Ke8 58. Re6+ Kd7 59. Rh6 Ke7 60. Rg6 Kf7 61. Rh6 h3 62. Rh4 Kf6 63. Rg4 Rg2+ 64. Kh1 Kf5 65. Rf4+ Kxf4 1/2-1/2

[Event "Titled Tuesday intern op 13th Feb Early"]
[Site "Chess.com INT"]
[Date "2024.02.13"]
[Round "6"]
[White "Kacprzak, Karol1"]
[Black "Bharath, Subramaniyam H"]
[Result "0-1"]
[WhiteElo "2322"]
[BlackElo "2515"]
[PlyCount "118"]
[EventDate "2024.02.13"]
[EventType "swiss (blitz)"]
[EventRounds "11"]
[EventCountry "USA"]
[SourceTitle "CB08_2024"]
[SourceDate "2024.02.21"]
[SourceVersion "1"]
[SourceVersionDate "2024.02.21"]
[SourceQuality "1"]

1. e4 e5 2. Nf3 Nc6 3. Bb5 a6 4. Ba4 f5 5. d4 fxe4 6. Nxe5 Nf6 7. c3 Bd6 8. f4 exf3 9. Nxf3 Qe7+ 10. Qe2 0-0 11. Qxe7 Bxe7 12. 0-0 d6 13. Re1 Re8 14. Bb3+ d5 15. Bg5 Rd8 16. Nbd2 Bf5 17. Ne5 Na5 18. Ng6 hxg6 19. Rxe7 Nxb3 20. axb3 Rd7 21. Rae1 Kf8 22. Rxd7 Bxd7 23. Bf4 c6 24. Nf3 Ne4 25. Ng5 Bf5 26. g4 Bxg4 27. Nxe4 dxe4 28. Rxe4 Kf7 29. Bd6 Be6 30. Rf4+ Kg8 31. b4 a5 32. bxa5 Rxa5 33. Rf8+ Kh7 34. Rb8 b5 35. Ba3 Ra7 36. Re8 Bd5 37. Re7 Ra8 38. Bd6 Ra1+ 39. Kf2 Ra2 40. Re2 Bc4 41. Rd2 g5 42. Kg3 Ra1 43. Be5 Kg6 44. Rf2 Re1 45. Rf8 Bd5 46. Rd8 Re2 47. Rd7 Kh5 48. Rxd5 cxd5 49. Bxg7 Rxb2 50. Bf8 Kg6 51. Bb4 Kf5 52. h3 Rd2 53. Kf3 Rd3+ 54. Kg2 Ke4 55. Ba5 Re3 56. Bb4 Kd3 57. Ba5 Kc4 58. Bb4 Rxc3 59. Bxc3 Kxc3 0-1

[Event "Chessable Masters Play In"]
[Site "Chess.com INT"]
[Date "2024.01.31"]
[Round "9"]
[White "Bharath, Subramaniyam H"]
[Black "Samant, Aditya S"]
[Result "0-1"]
[WhiteElo "2515"]
[BlackElo "2512"]
[PlyCount "156"]
[EventDate "2024.01.31"]
[EventType "swiss (rapid)"]
[EventRounds "9"]
[EventCountry "USA"]
[SourceTitle "CB06_2024"]
[SourceDate "2024.02.07"]
[SourceVersion "1"]
[SourceVersionDate "2024.02.07"]
[SourceQuality "1"]

1. b3 e5 2. Bb2 Nc6 3. c4 Nf6 4. e3 d5 5. cxd5 Nxd5 6. a3 Bd6 7. d3 0-0 8. Nf3 Qf6 9. Nbd2 Qg6 10. Qc2 a5 11. g3 Be6 12. Bg2 f6 13. 0-0 Rfd8 14. Rac1 Kh8 15. Ne4 Nb6 16. Rfd1 a4 17. bxa4 Nxa4 18. Nxd6 cxd6 19. Ba1 Nc5 20. Nh4 Qf7 21. Qb2 Bb3 22. Rd2 Bd5 23. Rdd1 Bxg2 24. Kxg2 Qd5+ 25. e4 Qb3 26. Qe2 Rxa3 27. d4 exd4 28. Bxd4 Ra2 29. Qe3 Qxe3 30. Bxe3 Nxe4 31. Rd5 g6 32. Rc4 f5 33. Nf3 Kg7 34. Rb5 Rd7 35. Rc1 Ne7 36. Nd4 Kf6 37. Rcb1 b6 38. Rc1 Rda7 39. Nb3 R7a3 40. Bxb6 Ke6 41. Nd4+ Kf7 42. Nf3 Rc3 43. Rxc3 Nxc3 44. Rb3 Ne4 45. Be3 Nd5 46. Rb7+ Ke6 47. Nd4+ Kf6 48. Kf3 Nxe3 49. Kxe3 Ra3+ 50. Ke2 Ra2+ 51. Ke3 Nxf2 52. Rxh7 Ng4+ 53. Kd3 Rxh2 54. Rc7 Rg2 55. Ne2 Ne5+ 56. Ke3 Ng4+ 57. Kd3 Rf2 58. Rc8 Rf3+ 59. Kd4 Ne5 60. Rf8+ Kg5 61. Kd5 Rd3+ 62. Ke6 Kg4 63. Nf4 Rd2 64. Rg8 Kxg3 65. Nxg6 Nxg6 66. Rxg6+ Kf4 67. Rf6 Re2+ 68. Kxd6 Kg4 69. Kd5 f4 70. Kd4 f3 71. Kd3 Re8 72. Rg6+ Kh3 73. Kd2 f2 74. Rh6+ Kg2 75. Rg6+ Kf1 76. Rd6 Rg8 77. Rf6 Kg2 78. Kc2 f1Q 0-1

[Event "Chessable Masters Play In"]
[Site "Chess.com INT"]
[Date "2024.01.31"]
[Round "3"]
[White "Bharath, Subramaniyam H"]
[Black "Suyarov, Mukhammadzokhid"]
[Result "0-1"]
[WhiteElo "2515"]
[BlackElo "2413"]
[PlyCount "56"]
[EventDate "2024.01.31"]
[EventType "swiss (rapid)"]
[EventRounds "9"]
[EventCountry "USA"]
[SourceTitle "CB06_2024"]
[SourceDate "2024.02.07"]
[SourceVersion "1"]
[SourceVersionDate "2024.02.07"]
[SourceQuality "1"]

1. d4 e6 2. Bf4 Nf6 3. e3 c5 4. Nf3 Nc6 5. Nbd2 d5 6. c3 Be7 7. Ne5 Nd7 8. Bd3 Ndxe5 9. dxe5 Bd7 10. Nf3 g5 11. Bg3 h5 12. h3 Qb6 13. Qc2 0-0-0 14. 0-0-0 Kb8 15. h4 g4 16. Ng5 Rhf8 17. f4 c4 18. Rhe1 cxd3 19. Qxd3 Rc8 20. Kb1 Na5 21. Ka1 Ba4 22. Rb1 Nb3+ 23. axb3 Bxb3 24. Rbd1 Qa5+ 25. Kb1 Qa2+ 26. Kc1 Ba3 27. Re2 Rxc3+ 28. Qxc3 Qa1+ 0-1

[Event "Chessable Masters Play In"]
[Site "Chess.com INT"]
[Date "2024.01.31"]
[Round "2"]
[White "Firouzja, Alireza"]
[Black "Bharath, Subramaniyam H"]
[Result "1/2-1/2"]
[WhiteElo "2759"]
[BlackElo "2515"]
[PlyCount "139"]
[EventDate "2024.01.31"]
[EventType "swiss (rapid)"]
[EventRounds "9"]
[EventCountry "USA"]
[SourceTitle "CB06_2024"]
[SourceDate "2024.02.07"]
[SourceVersion "1"]
[SourceVersionDate "2024.02.07"]
[SourceQuality "1"]

1. e4 e5 2. Nf3 Nc6 3. Bb5 a6 4. Ba4 Nf6 5. 0-0 d6 6. c3 Bd7 7. d4 g6 8. Re1 Bg7 9. Bc2 0-0 10. Nbd2 Nh5 11. Nb3 exd4 12. cxd4 Bg4 13. Be3 a5 14. a4 Nb4 15. Bb1 c5 16. h3 Bxf3 17. Qxf3 Rc8 18. Ra3 Qb6 19. dxc5 dxc5 20. Nd2 Qe6 21. Rc3 b6 22. Qe2 Bxc3 23. bxc3 Nc6 24. g4 Ng7 25. f4 Rfd8 26. Nc4 Nd4 27. cxd4 cxd4 28. Ne5 dxe3 29. Ba2 Qf6 30. Bxf7+ Kh8 31. Qxe3 g5 32. Rf1 gxf4 33. Qxf4 Qxf4 34. Rxf4 Rf8 35. Rf6 Rc5 36. Nd7 Rc1+ 37. Kg2 Rd8 38. Ne5 Ne8 39. Rxb6 Nc7 40. Kg3 Kg7 41. g5 Rc5 42. Bd5 Nxd5 43. exd5 Rcxd5 44. Rb7+ Kg8 45. Kf4 Rd4+ 46. Ke3 Rxa4 47. Ng4 Ra3+ 48. Kf4 Kh8 49. Nh6 Rf8+ 50. Kg4 Raf3 51. h4 a4 52. Ra7 a3 53. Kh5 Rb8 54. Ng4 Rfb3 55. Kh6 R8b7 56. Ra8+ Rb8 57. Ra7 R8b7 58. Ra8+ Rb8 59. Ra5 R3b6+ 60. Nf6 Rf8 61. Rxa3 Rbxf6+ 62. gxf6 Rxf6+ 63. Kg5 Kg7 64. Ra7+ Rf7 65. Rxf7+ Kxf7 66. h5 Kg8 67. h6 Kh8 68. Kf6 Kg8 69. Ke7 Kh8 70. Kf7 1/2-1/2

[Event "Titled Tuesday intern op 09th Jan Early"]
[Site "Chess.com INT"]
[Date "2024.01.09"]
[Round "10"]
[White "Bharath, Subramaniyam H"]
[Black "Bryakin, Mikhail"]
[Result "1-0"]
[WhiteElo "2515"]
[BlackElo "2494"]
[PlyCount "113"]
[EventDate "2024.01.09"]
[EventType "swiss (blitz)"]
[EventRounds "11"]
[EventCountry "USA"]
[SourceTitle "CB03_2024"]
[SourceDate "2024.01.17"]
[SourceVersion "1"]
[SourceVersionDate "2024.01.17"]
[SourceQuality "1"]

1. b3 Nf6 2. Bb2 g6 3. Nf3 Bg7 4. g3 0-0 5. Bg2 b6 6. c4 Bb7 7. d4 d6 8. 0-0 Nbd7 9. Nc3 Ne4 10. Qc2 Nxc3 11. Bxc3 e6 12. e4 e5 13. d5 a5 14. a3 Qe7 15. b4 axb4 16. axb4 Rxa1 17. Rxa1 Ra8 18. Rxa8+ Bxa8 19. Qa2 Qd8 20. Nd2 Bh6 21. Nb3 Bb7 22. Qa4 Nf6 23. c5 bxc5 24. bxc5 Qb8 25. Qb4 Qc8 26. Na5 Ba6 27. cxd6 cxd6 28. Nc6 Bf8 29. f3 Qb7 30. Bf1 Qxb4 31. Bxb4 Bxf1 32. Kxf1 Ne8 33. Ke2 f5 34. Kd3 Kf7 35. Ba3 h5 36. Bc1 Be7 37. Kc4 fxe4 38. fxe4 Bf8 39. Bg5 Bg7 40. Kb5 Bf6 41. h4 Ng7 42. Na5 Bxg5 43. hxg5 Ke7 44. Kc6 Nf5 45. exf5 gxf5 46. Nc4 f4 47. gxf4 h4 48. fxe5 h3 49. exd6+ Kd8 50. d7 h2 51. Nd6 h1Q 52. Nb7+ Ke7 53. d8Q+ Kf7 54. Qf6+ Kg8 55. Qg6+ Kf8 56. Qh6+ Kg8 57. Qxh1 1-0

[Event "Wch Blitz"]
[Site "Samarkand"]
[Date "2023.12.30"]
[Round "15"]
[White "Bharath, Subramaniyam H"]
[Black "Piorun, Kacper"]
[Result "1-0"]
[WhiteElo "2504"]
[BlackElo "2593"]
[PlyCount "89"]
[EventDate "2023.12.29"]
[EventType "swiss (blitz)"]
[EventRounds "21"]
[EventCountry "UZB"]
[SourceTitle "CB01_2024"]
[SourceDate "2024.01.03"]
[SourceVersion "1"]
[SourceVersionDate "2024.01.03"]
[SourceQuality "1"]

1. d4 Nf6 2. Bf4 g6 3. Nc3 d5 4. Nb5 Na6 5. e3 Nh5 6. Be5 f6 7. Bg3 e6 8. Be2 Ng7 9. Nf3 c6 10. Nc3 Nc7 11. e4 Be7 12. Qd2 0-0 13. e5 f5 14. h4 Nh5 15. Bh2 Ne8 16. Qh6 Rf7 17. Ng5 Bxg5 18. hxg5 Neg7 19. 0-0-0 f4 20. Bg4 Nf5 21. Bxf5 Rxf5 22. Ne2 Qxg5 23. Qxg5 Rxg5 24. Nxf4 Nxf4 25. Bxf4 Rxg2 26. Bg3 Bd7 27. Kd2 Rf8 28. Ke3 Rf5 29. Rh3 h5 30. Ke2 c5 31. Kf1 Rxg3 32. Rxg3 Kg7 33. dxc5 Rxe5 34. Rb3 Bc8 35. Rd4 Kf6 36. Rf4+ Ke7 37. Rbf3 Bd7 38. Rf8 Bb5+ 39. Kg1 Rg5+ 40. Kh2 e5 41. R3f7+ Ke6 42. Rxb7 Bf1 43. Rxa7 d4 44. c6 e4 45. c7 1-0

[Event "Wch Blitz"]
[Site "Samarkand"]
[Date "2023.12.30"]
[Round "16"]
[White "Ter Sahakyan, Samvel"]
[Black "Bharath, Subramaniyam H"]
[Result "0-1"]
[WhiteElo "2643"]
[BlackElo "2504"]
[PlyCount "64"]
[EventDate "2023.12.29"]
[EventType "swiss (blitz)"]
[EventRounds "21"]
[EventCountry "UZB"]
[SourceTitle "CB01_2024"]
[SourceDate "2024.01.03"]
[SourceVersion "1"]
[SourceVersionDate "2024.01.03"]
[SourceQuality "1"]

1. d4 Nf6 2. c4 b6 3. Nc3 Bb7 4. Qc2 d5 5. cxd5 Nxd5 6. e4 Nxc3 7. bxc3 e6 8. Nf3 Be7 9. Bb5+ c6 10. Bd3 c5 11. 0-0 0-0 12. Qe2 cxd4 13. cxd4 Nc6 14. Bb2 Nb4 15. Bc4 Rc8 16. a3 Nc6 17. Rad1 Na5 18. Bd3 Qc7 19. d5 Qd6 20. Be5 Qxa3 21. d6 Bxd6 22. Bb2 Qb4 23. Bb1 Be7 24. Ne5 Rcd8 25. Nd7 Rfe8 26. Rd4 Ba6 27. Qc2 Qb3 28. Rfd1 Qxc2 29. Bxc2 Bb5 30. g3 Nc6 31. R4d2 Bb4 32. Bd3 Rxd7 0-1